| 000 | 00474nam a22001697a 4500 | ||
|---|---|---|---|
| 005 | 20181016112325.0 | ||
| 008 | 160523b xxu||||| |||| 00| 0 eng d | ||
| 020 | _a81-297-0203-7 | ||
| 041 | _aeng | ||
| 082 |
_b4257 _a658.403 |
||
| 100 |
_aLaudon, Kennet N C & Laudon, Jane D _94865 |
||
| 245 | _aManagement Information Systems:managing the digital firm | ||
| 260 |
_aNew Delhi _bAcademic Faundation _c2004 |
||
| 300 | _a534p, | ||
| 650 |
_aManagement _9241 |
||
| 942 | _cBK | ||
| 999 |
_c1440 _d1440 |
||